01515nam a2200289Ia 4500001000600000003000900006008004100015040001300056040001300069041001300082100001900095100002900114240001700143240003500160245001900195245001900214250001100233260000900244260001700253260004900270300005700319500075000376650001901126650003101145700002001176700002901196C7509IT-RoPAU130308s9999 xx 000 0 und d aIT-RoPAU cIT-RoPAU aITALIANO aHalpern Steven gCodice Aut. SPICS: 42331 aSOUND HEALTH gCodice Tit. Orig. Spics: T2841 aSuoni e salute bSuoni e Salute a1a ed. aCOMO bRED Edizioni c1991 [1° Ed.:1991 - Ed.Ling.Originale:1985] a"208 p. (prefazione: no ; testo: 208 [pagine: 0-0])" a"Musica Dannosa? Musica Benefica? una Proposta concreta per Trasformare L'Inquinamento Acustico in una Salutare e Personalissima ""Dieta Sonora"". Affascinante Viaggio nel Mondo dei Suoni Alla Scoperta degli Effetti che Essi Producono Sul Nostro Corpo e Sulla nostra Mente. Visione sonora della Realtà. Corpo Sonoro: Immersi Nei Suoni, inquinamento Sonoro, Nutrimento Sonoro, Vibrazioni Sonore, Rilassamento Sonoro, medicina basata Sul Suono, Dieta Sonora, Sistema Sonoro. Mente e Suono: Psicologia del Suono, Immaginazione Sonora, Educazione Sonora, Principi del Suono, Condizionamento Sonoro. Suono e Spiritualita': totalità Sonora, Anima Spirito e Suono, Suono Interiore, Meditazione con Il Suono. Appendice bibliografica e Documentaria." aSAGGI MUSICALI eCodice materia Spics: 7011 aSavary Louis M. gCodice Aut. SPICS: 42332